<?xml version="1.0" encoding="UTF-8"?>
<collection xmlns="http://www.loc.gov/MARC21/slim">
  <record>
    <leader>00000nam  2200000   4500</leader>
    <controlfield tag="001">INLIS000000000002087</controlfield>
    <controlfield tag="005">20180724144029</controlfield>
    <controlfield tag="008">180724|||||||||   |   |||   |||| ||   | </controlfield>
    <datafield tag="035" ind1=" " ind2=" ">
      <subfield code="0">010-0718002087</subfield>
    </datafield>
    <datafield tag="041" ind1=" " ind2=" ">
      <subfield code="a">id</subfield>
    </datafield>
    <datafield tag="082" ind1=" " ind2=" ">
      <subfield code="a">R. 23 PIM I 2016</subfield>
    </datafield>
    <datafield tag="090" ind1=" " ind2=" ">
      <subfield code="a">R. 23 PIM I 2016</subfield>
    </datafield>
    <datafield tag="100" ind1=" " ind2=" ">
      <subfield code="a">Gunarto, Imam</subfield>
    </datafield>
    <datafield tag="245" ind1=" " ind2=" ">
      <subfield code="a">E-Akuisisi Arsip Berskala Nasional</subfield>
    </datafield>
    <datafield tag="260" ind1=" " ind2=" ">
      <subfield code="a">Jakarta</subfield>
      <subfield code="b">LAN Jakarta</subfield>
      <subfield code="c">2016</subfield>
    </datafield>
    <datafield tag="300" ind1=" " ind2=" ">
      <subfield code="a">29 hlm., 30 cm</subfield>
    </datafield>
    <datafield tag="500" ind1=" " ind2=" ">
      <subfield code="a">Proyek Perubahan E-Akuisisi Arsip merupakan kebutuhan mendesak untuk mengatasi persoalan-persoalan kelengkapan dan validitas sejarah bangsa, keselamatan asset budaya, keselamatan asset Negara dan masyarakat, dan hilangnya arsip-arsip Negara dan bangsa. E-Akuisisi Arsip merupakan salah satu langkah antisipatif untuk menampung tumbuhnya arsip elektronik yang sangat pesat dalam kehidupan bermasyarakat, berbangsa dan bernegara, sehingga semua informasi dan memori bersejarah yang terekam secara elektronik dapat diselamatkan oleh Negara.</subfield>
    </datafield>
    <datafield tag="650" ind1=" " ind2=" ">
      <subfield code="a">E-Akuisisi Arsip</subfield>
    </datafield>
  </record>
</collection>
